000 00680nam a22001935i 4500
001 158419
003 ES-MaACL
005 20230906211137.0
008 040830s1872 gw |||| | eng d
040 _aCAM
_bspa
_cCAM
100 1 _aMacquoid, Katharine Sarah.
_9129302
245 1 0 _aMiriam's marriage /
_cby Katharine S. Macquoid.
260 _aLeipzig :
_bBerhnard Tauchnitz,
_c1872.
300 _a2 v. (304; 304 p.) ;
_c16 cm.
490 1 _aCollection of british authors ;
_v1282; 1283
830 0 _aCollection of british authors ;
_v1282; 1283
_9180703
852 _aES-MaACL
_jG-12646
_z-- Enc. hol. conservando la cub. original
_z-- 2 t. en 1 v.
999 _c158419
_d158419